| 000 | 00609nam a22001577a 4500 | ||
|---|---|---|---|
| 003 | OSt | ||
| 005 | 20151002160948.0 | ||
| 008 | 151002b xxu||||| |||| 00| 0 eng d | ||
| 040 | _cRUA | ||
| 082 | _aAVM TEP 1995 B068 Or.1 | ||
| 100 |
_91803 _aTEP, THAVRIN. |
||
| 245 | _aEggshedding in faecal samples pregnant and lactating sows, ការទំលាក់ពងព្រូននៅក្នុងវត្ថុវិភាគជាលាមករបស់មេជ្រូកផើង និងបំបៅកូន | ||
| 260 |
_aPhnom Penh _bRUA _c1995 |
||
| 300 |
_a61p. _bill. _c29cm. |
||
| 942 |
_2ddc _cAVM |
||
| 999 |
_c1702 _d1702 |
||